|
|
|
|
| LEADER |
01014nam a2200289 4500 |
| 001 |
ocn954769309 |
| 003 |
OCoLC |
| 005 |
20180501122032.0 |
| 008 |
001124s1980 ne b 001 0 eng d |
| 040 |
|
|
|a N9V
|b spa
|c N9V
|d OCLCQ
|d GrThAP
|
| 020 |
|
|
|a 9021930536
|
| 020 |
|
|
|a 9789021930534
|
| 020 |
|
|
|a 0444901302
|q (Elsevier-North Holland)
|
| 020 |
|
|
|a 9780444901309
|q (Elsevier-North Holland)
|
| 035 |
|
|
|a (OCoLC)954769309
|
| 082 |
0 |
4 |
|a 615, .7042
|2 18
|
| 049 |
|
|
|a TEFA
|
| 245 |
0 |
0 |
|a Side effects of drugs annual.
|n 4 /
|c edited by M.N.G. Dukes.
|
| 260 |
|
|
|a Amsterdam ;
|a Oxford ;
|a Princenton :
|b Excerpta Medica,
|c 1980.
|
| 300 |
|
|
|a v. IV ;
|c 25 cm
|
| 336 |
|
|
|a texto
|b txt
|2 rdacontent/spa
|
| 337 |
|
|
|a sin mediación
|b n
|2 rdamedia/spa
|
| 504 |
|
|
|a Incluye referencias bibliográficas e índice.
|
| 650 |
0 |
4 |
|a Medicamentos.
|
| 650 |
0 |
4 |
|a Hipersensibilidad medicamentosa.
|
| 700 |
1 |
|
|a Dukes, Maurice Nelson Graham.
|
| 856 |
4 |
0 |
|u https://www.sciencedirect.com/science/bookseries/03786080/4
|z Full Text via HEAL-Link
|